00289pab a2200121 454500008004000000100001600040245004000056260000900096300001200105362000900117650002500126773001600151180718b1985 xxu||||| |||| 00| 0 eng d aPatel, A.R. aIntegrated approach for farm output c1985 a9-11,18 aJan. aFarm Produce - India aKurukshetra